Catálogo
 En Linea

Anécdotario épico del generalisimo Trujillo / (Registro nro. 30316)

Detalles MARC
000 -CABECERA
campo de control de longitud fija 01368nam a2200301 a 4500
001 - NÚMERO DE CONTROL
campo de control 000030824
003 - IDENTIFICADOR DEL NÚMERO DE CONTROL
campo de control DO-SdBNP
005 - FECHA Y HORA DE LA ÚLTIMA TRANSACCIÓN
campo de control 20240312151053.0
006 - CÓDIGOS DE INFORMACIÓN DE LONGITUD FIJA--CARACTERÍSTICAS DEL MATERIAL ADICIONAL
campo de control de longitud fija a||||gr|||| 00| 0
007 - CAMPO FIJO DE DESCRIPCIÓN FÍSICA--INFORMACIÓN GENERAL
campo de control de longitud fija ta
008 - DATOS DE LONGITUD FIJA--INFORMACIÓN GENERAL
campo de control de longitud fija 110531s1957 dr ac r 000 p spa d
040 ## - FUENTE DE LA CATALOGACIÓN
Centro catalogador/agencia de origen DO-SdBNP
Lengua de catalogación spa
Centro/agencia transcriptor BNPHU
Normas de descripción rda
082 #4 - NÚMERO DE LA CLASIFICACIÓN DECIMAL DEWEY
Número de clasificación 923.17293
Número de documento/Ítem T866s,1957
Número de edición 22
100 1# - ENTRADA PRINCIPAL--NOMBRE DE PERSONA
Nombre de persona Suarez Vásquez, R.,
9 (RLIN) 30540
Término indicativo de función/relación autor
245 10 - MENCIÓN DE TÍTULO
Título Anécdotario épico del generalisimo Trujillo /
Mención de responsabilidad, etc. R. Suarez Vásquez.
250 ## - MENCIÓN DE EDICIÓN
Mención de edición 2a edición
264 #1 - PRODUCCIÓN, PUBLICACIÓN, DISTRIBUCIÓN, FABRICACIÓN Y COPYRIGHT
Producción, publicación, distribución, fabricación y copyright Ciudad Trujillo, República Dominicana :
Nombre del de productor, editor, distribuidor, fabricante Secretaría de Estado y Bella Artes,
Fecha de producción, publicación, distribución, fabricación o copyright 1957.
300 ## - DESCRIPCIÓN FÍSICA
Extensión 100 páginas ;
Otras características físicas Ilustraciones, retratos
Dimensiones 20 cm.
336 ## - TIPO DE CONTENIDO
Fuente rdacontent
Término de tipo de contenido texto
Código de tipo de contenido txt
337 ## - TIPO DE MEDIO
Fuente rdamedia
Nombre/término del tipo de medio sin mediación
Código del tipo de medio n
338 ## - TIPO DE SOPORTE
Fuente rdacarrier
Nombre/término del tipo de soporte volumen
Código del tipo de soporte nc
490 ## - MENCIÓN DE SERIE
Mención de serie Biblioteca de Cultura Dominicana ;
Designación de volumen o secuencia 3
505 ## - NOTA DE CONTENIDO CON FORMATO
Nota de contenido con formato Liminar.
Título Dedicatoria.--
-- Pro Patria.--
-- Trujillo frente a una agresión.--
-- El soldado del orden.--
-- Captura del general Manchao.--
-- La derrota del bendito Ramón Natera.--
-- Trujillo ante una emboscada.--
-- La captura sensacional de Bon Abreu.--
-- Trujillo solo ante el peligro.--
-- La patrulla que estuvo a punto de matarlo.--
-- A la Paz de Trujillo.
590 ## - NOTA LOCAL (RLIN)
Nota local Inventariado, 2023 / MF
600 14 - PUNTO DE ACCESO ADICIONAL DE MATERIA--NOMBRE DE PERSONA
Nombre de persona Trujillo Molina, Rafael Leónidas,
Fechas asociadas al nombre 1891-1961
9 (RLIN) 24080
910 ## - DATOS DE OPCIÓN DEL USUARIO (OCLC)
Datos de opción del usuario Validado. Control de calidad MFF
942 ## - ELEMENTOS DE PUNTO DE ACCESO ADICIONAL (KOHA)
Fuente del sistema de clasificación o colocación Dewey Decimal Classification
Tipo de ítem Koha Libro
Existencias
Estado de retiro Estado de pérdida Fuente del sistema de clasificación o colocación Restricciones de uso No para préstamo Código de colección Localización permanente Ubicación/localización actual Ubicación en estantería Fecha de adquisición Fuente de adquisición Total de préstamos Signatura topográfica completa Código de barras Fecha visto por última vez Precio válido a partir de Tipo de ítem Koha Nota pública Número de copia
    Dewey Decimal Classification Excluido de préstamo   Patrimonio Dominicano Raros y Valiosos Biblioteca Nacional Pedro Henríquez Ureña Biblioteca Nacional Pedro Henríquez Ureña Depósito 07.04.1972 Donación   BNPHU PD-RV 923.17293 T866s 1957 30824-10 25.06.2020 25.06.2020 Libro Perteneció a la biblioteca personal de Martínez Boog.  
    Dewey Decimal Classification Excluido de préstamo   Patrimonio Dominicano Raros y Valiosos Biblioteca Nacional Pedro Henríquez Ureña Biblioteca Nacional Pedro Henríquez Ureña Depósito 06.02.2023 Donación   BNPHU PD-RV 923.17293 T866s 1957 2023-0687 06.02.2023 06.02.2023 Libro Perteneció a la biblioteca personal de Bárbara Suncar. e.2
    Dewey Decimal Classification Préstamo en sala   Dominicana Referencia Raros y Valiosos Biblioteca Nacional Pedro Henríquez Ureña Biblioteca Nacional Pedro Henríquez Ureña Depósito 12.03.2024     BNPHU DS-RV 923.17293 T866s,1957 2024-1396 12.03.2024 12.03.2024 Libro   e.3

Con tecnología Koha